000 00288nam a2200133Ia 4500
008 200103s9999||||xx |||||||||||||| ||und||
040 _aIMU-MPC
082 _aColumn-5
100 _aIMO
245 0 _aFTP Code
260 _bBhandarkar Publications
_c1999
300 _av, 166
942 _cBK
999 _c3317
_d3317